00570nam a2200193 a 45000010005000000030009000050080041000140400028000550820019000831000037001022450071001392600043002103000008002536500024002616500030002856500032003159420012003479990017003595563CO-ViMGA141112s2004 ck r 000 u spa d aCO-ViMGAbspacCO-ViMGA04a986.10351 R3151 aReal Jardín Botánico, 9516910aMutis y la real expedición botánica del nuevo reino de granada aBogotá : bVillegas Editores, c1992 a2 v14aCOLOMBIA - HISTORIA14aEXPEDICION BOTANICA9517014aMUTIS, JOSE CELESTINO95171 2ddccBK c17547d17547